00891nam a22002177a 4500003000400000005001700004008004100021020001800062035002100080040002300101082002600124100002300150245014800173260005600321300003500377490006100412500005200473650003100525700002500556856009200581OSt20240530110418.0150309s2007 ua a f b 001 0 eng d a9789774160769 a(OCoLC)680623888 aEG-CaGPLcEG-CaGPL04221a930.10283bCC/K V1 aKolataj, Wojciech.10aVilla of the birds :bthe excavation and preservation of the Kom al-Dikka mosaics /cWojciech Kolataj, Grzegorz Majcherek, and Ewa Parandowska. acairo :bAmerican University in Cairo Press ,c2007 ax, 126, [8] p. of platesbill.1 aAmerican Research Center in Egypt Conservation seriesv3 a"An American Research Center in Egypt edition." 0aExcavations (Archaeology) 1 aMajcherek, Grzegorz. uhttp://ez.urosario.edu.co/login?url=http://site.ebrary.com/lib/urosario/Doc?id=10413298